|
|
|
|
| LEADER |
01645nam a2200337 a 4500 |
| 001 |
c000141634 |
| 003 |
CARM |
| 005 |
00000000000000.0 |
| 008 |
800808s1980 xnaab s00010 eng d |
| 019 |
1 |
|
|a 1775355
|z 55567004
|5 LACONCORD2021
|
| 020 |
|
|
|a 0724045449 (spiral binding) :
|c price unknown
|
| 035 |
|
|
|a (OCoLC)27543304
|5 LACONCORD2021
|
| 040 |
|
|
|d NNCU
|
| 042 |
|
|
|a anuc
|
| 043 |
|
|
|a u-at-ne
|
| 110 |
2 |
0 |
|a New South Wales Planning and Environment Commission.
|b Newcastle Office.
|
| 245 |
1 |
0 |
|a Newcastle-Lake Macquarie coastal study :
|b draft land use and management proposals for underdeveloped coastal lands /
|c NSW Planning & Environment Commission, Newcastle Office, Lake Macquarie Municipal Council [and] Newcastle City Council.
|
| 260 |
|
|
|a [Sydney] :
|b NSW Planning & Environment Commission,
|c 1980.
|
| 300 |
|
|
|a 80 p. :
|b ill., maps (part col.) ;
|c 30 cm.
|
| 490 |
1 |
|
|a Discussion paper ;
|v 79/29
|
| 650 |
|
0 |
|a Land use
|z New South Wales
|z Newcastle Region.
|
| 650 |
|
0 |
|a Land use
|z New South Wales
|z Macquarie, Lake, Region.
|
| 650 |
|
0 |
|a Coastal zone management
|z New South Wales
|z Newcastle region.
|
| 650 |
|
0 |
|a Coastal zone management
|z New South Wales
|z Lake Macquarie.
|
| 710 |
1 |
|
|a Lake Macquarie (N.S.W.).
|b Council.
|
| 710 |
1 |
|
|a Newcastle (N.S.W.).
|b Council.
|
| 830 |
|
0 |
|a Discussion paper (New South Wales Planning and Environment Commission) ;
|v 79/29
|
| 852 |
8 |
|
|b CARM
|h A2:AF09C0
|i D02151
|p 0107362
|f BK
|
| 082 |
0 |
4 |
|a 333.78/4
|2 19
|
| 999 |
f |
f |
|i cf64155e-d05f-55d3-8c62-946be8f0f365
|s 0b397c1e-8acf-5ec4-b25a-d013a63aba5c
|
| 952 |
f |
f |
|p Can circulate
|a CAVAL
|b CAVAL
|c CAVAL
|d CARM 1 Store
|e D02151
|f A2:AF09C0
|h Other scheme
|i book
|m 0107362
|